000 01589namaa22003251i 4500
005 20260303101537.0
008 260108s1994 ua ado|frm||| 000 0 eng d
040 _aEG-GICUC
_beng
_cEG-GICUC
_dEG-GICUC
_erda
041 0 _aeng
_beng
_bara
049 _aDeposit
097 _aM.Sc
099 _aCai01.09.03.M.Sc.1994.He.E
100 0 _aHeba Salah Hamza
_epreparation.
245 1 4 _aThe effect of intervening hard tooth structure, technique of application and curing time on the surface hardness of photo-cured dental composite /
_cHeba Salah Hamza ; Supervised Dr. Amr Ahmed Shabka, Dr. Adel Ezzat Khairy, Dr.Abdelkhalek Attia.
246 1 5 _aتأثير تداخل الاجزاء الصلبة السنية, تقنية الوضع وزمن الطبخ على الصلابة السطحية للمواد الراتنجية السنية المركبة الضوئية
264 0 _c1994.
300 _a94 pages :
_billustrations ;
_c30 cm. +
336 _2rda content
_atext
337 _2rdamedia
_aUnmediated
338 _2rdacarrier
_avolume
502 _aThesis (M.Sc.)-Cairo University, 2023.
504 _aBibliography: pages 87-94
653 0 _aDental Enamel
_aDentine
_aComposite Dental Resin
700 0 _aAmr Ahmed Shabka.
_ethesis advisor.
700 0 _aAdel Ezzat Khairy.
_ethesis advisor.
700 0 _aAbdelkhalek Attia.
_ethesis advisor.
900 _DDepartment of Operative Dentistry
_FFaculty of Oral and Dental Medicine
_UCairo University
_b1994
_cAbdelkhalek Attia
_cAdel Ezzat Khairy
_cAbdelkhalek Attia
905 _aNermeen-A
_eNourhan
942 _2ddc
_cTH
_e21
_n0
999 _c177517